|
|
|
|
| LEADER |
00000nam0a2200000 4500 |
| 001 |
101888 |
| 005 |
20231031112759.0 |
| 010 |
|
|
|a 5170171072
|
| 010 |
|
|
|a 5-271-05585-X
|
| 035 |
|
|
|a (RuTPU)RU\TPU\book\109875
|
| 090 |
|
|
|a 101888
|
| 100 |
|
|
|a 20060918d2003 m y0rusy50 ca
|
| 101 |
0 |
|
|a rus
|
| 102 |
|
|
|a RU
|
| 105 |
|
|
|a y z 000ay
|
| 200 |
1 |
|
|a Татуировка
|e роман
|f В. М. Воскобейников, Е. Милкова
|
| 210 |
|
|
|a Москва
|c АСТ
|c Астрель
|d 2003
|
| 215 |
|
|
|a 352 с.
|
| 225 |
1 |
|
|a Охранное предприятие Эгида
|
| 330 |
|
|
|a В Париже, едва начав пресс-конференцию, умирает знаменитый художник Антон Шолохов; а потом из морга исчезает его тело. Скоро в Петербурге один за другим начинают пропадать юноши, которым он сделал татуировки. Одновременно колумбийские службы безопасности заказывают знаменитому международному суперкиллеру Брамсу тайно переправить из России в Латинскую Америку человека, называющего себя то Чеченцем, то Иваном Ивановичем. Этот человек возродил прерванные было пути распространения колумбийского героина. Загадочную личность ищут и люди «Эгиды». Далекие, казалось бы, друг от друга преступления неожиданно переплетаются и находят отражение в судьбах многих людей.
|
| 610 |
1 |
|
|a русская литература
|
| 610 |
1 |
|
|a романы
|
| 610 |
1 |
|
|a боевики
|
| 675 |
|
|
|a Р2
|v 3
|
| 700 |
|
1 |
|a Воскобейников
|b В. М.
|g Валерий Михайлович
|
| 701 |
|
1 |
|a Милкова
|b Е.
|g Елена
|
| 801 |
|
1 |
|a RU
|b 63413507
|c 20060918
|g PSBO
|
| 801 |
|
2 |
|a RU
|b 63413507
|c 20060922
|g PSBO
|
| 942 |
|
|
|c BK
|